| 000 | 00640nam a2200205 u 4500 | ||
|---|---|---|---|
| 005 | 20210223131317.0 | ||
| 008 | 100615s2007 r 000 0 eng d | ||
| 020 | _a9788498410532 | ||
| 035 | _aUPN01000176564 | ||
| 049 | _aCG | ||
| 050 | 4 |
_aPT2293 Z6 _bC8.3 |
|
| 100 | 1 |
_aHauff, Wilhelm, _d1802-1827 _932680 |
|
| 245 | 1 | 0 |
_aCuentos completos (1826-1828) / _cWilhelm Hauff ; tr. Juan José del Solar. |
| 260 |
_aMadrid : _bSiruela, _c2007. |
||
| 300 |
_a353 p. : _bil. |
||
| 440 | 4 |
_aLas tres edades ; _v7. _pBiblioteca de cuentos populares |
|
| 534 |
_pTítulo original: _tMärchen |
||
| 650 | 4 |
_aCUENTOS ALEMANES _98048 |
|
| 905 | _aLibro | ||
| 999 |
_c148667 _d148667 |
||